| 000 | 00430nam a2200169Ia 4500 | ||
|---|---|---|---|
| 003 | GCL | ||
| 008 | 140319s9999 xx 000 0 aRus d | ||
| 040 |
_aGCL / _cGCL |
||
| 082 | 0 | 4 |
_a860 _bL F |
| 100 | 1 | _aLORCA, FEDERICO | |
| 245 | 1 | 0 |
_aFEDERICO Y SU MUNELO / _cLORCA, FEDERICO |
| 260 |
_a[S.N] : _bA LIANZA EDITORIAL ، _c1981 |
||
| 300 | _a520 P | ||
| 650 | 0 | 4 | _aLITERATURE |
| 650 | 0 | 4 | _aSPANISH LITERATURE |
| 942 |
_2ddc _cBK |
||
| 999 |
_c23973 _d23973 |
||